Declaració teòlogica sobre el moment històric actual / (Registro nro. 61805)

Detalles MARC
000 -LEADER
campo de control de longitud fija 00911nam a2200241 i 4500
001 - NÚMERO DE CONTROL
campo de control 61805
003 - IDENTIFICADOR DE NÚMERO DE CONTROL
campo de control ES-MaACL
005 - FECHA Y HORA DE LA ÚLTIMA TRANSACCIÓN
campo de control 20250830035043.0
007 - CAMPO FIJO DE DESCRIPCIÓN FÍSICA--INFORMACIÓN GENERAL
campo de control de longitud fija t|
008 - DATOS DE LONGITUD FIJA--INFORMACIÓN GENERAL
campo de control de longitud fija 031114s1976 sp ||||1| cat d
110 2# - ENTRADA PRINCIPAL--NOMBRE DE ENTIDAD CORPORATIVA
Nombre de entidad corporativa o nombre de jurisdicción como elemento de entrada Facultad de Teología de Barcelona
9 (RLIN) 174514
245 10 - MENCIÓN DEL TÍTULO
Título Declaració teòlogica sobre el moment històric actual /
Mención de responsabilidad, etc. Secció "Sant Francesc de Borja" de la Facultad de Teología de Barcelona ; traducció de Pius Tasies.
260 ## - PUBLICACIÓN, DISTRIBUCIÓN, ETC.
Lugar de publicación, distribución, etc. Barcelona :
Nombre del editor, distribuidor, etc. Abadía de Montserrat,
Fecha de publicación, distribución, etc. [1976]
300 ## - DESCRIPCIÓN FÍSICA
Extensión 57 p. ;
Dimensiones 19 cm.
490 1# - MENCIÓN DE SERIE
Mención de serie Publicaciones de l'Abadia de Montserrat
650 #4 - PUNTO DE ACCESO ADICIONAL DE MATERIA--TÉRMINO DE MATERIA
Término de materia o nombre geográfico como elemento de entrada Cristianismo-
Subdivisión general Historia-
Subdivisión cronológica S.XX.
9 (RLIN) 160094
650 #4 - PUNTO DE ACCESO ADICIONAL DE MATERIA--TÉRMINO DE MATERIA
Término de materia o nombre geográfico como elemento de entrada Iglesia y problemas sociales-
Subdivisión geográfica España.
9 (RLIN) 173572
700 1# - ENTRADA AGREGADA--NOMBRE PERSONAL
Nombre de persona Tasies, Pius.
9 (RLIN) 109360
710 2# - ENTRADA AGREGADA--NOMBRE DE ENTIDAD CORPORATIVA
Nombre de entidad corporativa o nombre de jurisdicción como elemento de entrada Abadía de Montserrat.
9 (RLIN) 1133
830 1# - PUNTO DE ACCESO ADICIONAL DE SERIE-TÍTULO UNIFORME
Título uniforme Publicaciones de l'Abadia de Montserrat
9 (RLIN) 182813
852 4# - LOCALIZACIÓN
Ubicación ES-MaACL
Número de control de estantería A-5771
Existencias
Estatus retirado Estado de pérdida Estado de daño No para préstamo Biblioteca de origen Biblioteca actual Ubicación en estantería Fecha de adquisición Fuente de adquisición Total de préstamos Signatura topográfica completa Código de barras Visto por última vez Precio de reemplazo Tipo de ítem Koha
        Biblioteca del Ateneo de Madrid Biblioteca del Ateneo de Madrid Sala Pecera Planta 1 17/01/2008     A-5771 1064802 23/02/2023 23/02/2023 Libro impreso